Taco Hemingway - Makarena Freestyle (odgadnij cały tekst) - Statystyki

Ogólne statystyki
  • Ten quiz został rozwiązany 32 razy
  • Średni wynik to 157 z 493
Statystyki odpowiedzi
Tekst % Poprawnych
S
96%
Ja
91%
ja
91%
a
87%
w
87%
W
87%
Jadę
83%
ma
83%
Edyty
78%
mi
78%
słucham
78%
furą
74%
i
74%
I
74%
nie
74%
Nie
74%
przez
74%
Warszawę
74%
co
70%
Co
70%
na
70%
Na
70%
po
70%
to
70%
to:
70%
"To
70%
To
70%
z
70%
"idź
65%
Jak
65%
jak
65%
jest
65%
już
65%
Mówią
65%
o
65%
powie
65%
robi
65%
terapię"
65%
ty
65%
panna
61%
wiem
61%
zmienić
61%
czego
57%
(jaki?)
57%
kto
57%
Makareny
57%
piruet
57%
Płuca
57%
znachor
57%
ale
52%
Ale
52%
do
52%
jakiś
52%
Jenny
52%
robią
52%
dla
48%
lustro
48%
mnie
48%
mruczy
48%
tam
48%
biel
43%
Czerń
43%
czy
43%
flaga
43%
iPhone
43%
mety
43%
Może
43%
może
43%
nadal
43%
Patrzę
43%
piękny
43%
za
43%
cudem
39%
dzień
39%
Jakim
39%
kretyn
39%
którego
39%
lada
39%
raczej
39%
see
39%
się
39%
szachy
39%
tapety
39%
ten
39%
bo
35%
Bo
35%
dziś
35%
Edyta
35%
fan
35%
gdy
35%
Gra
35%
hip-hop"
35%
pyta
35%
TikTok"
35%
tuman
35%
wstawiają
35%
będzie
30%
chwilę
30%
czas
30%
Datę
30%
grypa
30%
każdej
30%
królował
30%
obecną
30%
Pierdolę
30%
piętnastoletnia
30%
pit
30%
premiery
30%
Pro
30%
przerwa
30%
przesuwam
30%
rap
30%
rzucić
30%
stop
30%
Tak
30%
tego
30%
wyścig
30%
zrobię
30%
być
26%
czasach
26%
Czułem
26%
każdy
26%
każdym
26%
kuracja
26%
łapie
26%
mam
26%
Mam
26%
musiałem
26%
myśląc
26%
"nagrajcie
26%
nuty
26%
października
26%
Promocja
26%
razem
26%
sierpniu
26%
so
26%
trasie
26%
wychowałem
26%
zrobić
26%
Bartoszewicz
22%
boomer
22%
"byku,
22%
Chociaż
22%
Ciągle
22%
czyśćcu
22%
fruwam
22%
kiedy
22%
no
22%
Ostatnią
22%
Taco
22%
viewsów
22%
you
22%
żyć
22%
chciałem
17%
jestem
17%
Jestem
17%
pod
17%
przed
17%
ringtone
17%
Rumak
17%
sztukę
17%
Youtube'a
17%
że
17%
ze
17%
Byłem
13%
gotówa?"
13%
grać
13%
(ha?)
13%
który
13%
mną
13%
mój
13%
pomagać
13%
powiedz
13%
sobie
13%
Trzeba
13%
tylko
13%
wierzył
13%
WWA
13%
zagram
13%
znów
13%
'07
9%
Andrzej
9%
apel
9%
auli
9%
9%
azor
9%
bitch
9%
bym
9%
Chcesz
9%
dekadą
9%
desperado
9%
Duda
9%
dzienniku
9%
dzisiaj
9%
ej!
9%
ej
9%
Fanom
9%
gdzie
9%
get
9%
gitara
9%
IKEA
9%
item
9%
kasą
9%
kitrałem
9%
kowboj
9%
liścia
9%
Luda
9%
(Luda)
9%
move
9%
muszę
9%
Nastolatkom
9%
nudesy
9%
od
9%
out
9%
pała
9%
plików
9%
podziękował
9%
pogadaj
9%
Polsce
9%
ponieważ
9%
słów
9%
słuchałem
9%
śpię
9%
studia
9%
the
9%
Trzęsę
9%
tysiak
9%
uwierz
9%
wygnaniu
9%
belfer
4%
call
4%
cam"
4%
center
4%
chcieli
4%
coraz
4%
Coraz
4%
czuwa
4%
daleko
4%
enter
4%
Esce
4%
ese
4%
esej
4%
fiskus
4%
foobar
4%
gadać
4%
gierka
4%
hejter
4%
iść
4%
jakoś
4%
"Kiss
4%
klasą
4%
koncie
4%
kundel
4%
lepiej
4%
miesięcznie
4%
miliony
4%
milli
4%
młodszy
4%
Myślałem
4%
napiszę
4%
Nawijałem
4%
nominałach
4%
not
4%
nuda
4%
obcy
4%
Obsługuję
4%
payment
4%
pękł
4%
PESEL
4%
pies
4%
podpiszę
4%
pull
4%
pyszny
4%
rachunku
4%
rugał
4%
serce
4%
SKS
4%
stolik
4%
stówa
4%
studio
4%
stuff
4%
SUV-a
4%
świat
4%
Szkoda
4%
teraz
4%
trupach
4%
trzy
4%
typem
4%
ubaw
4%
up
4%
uszu
4%
wad
4%
wadą
4%
wasze
4%
way
4%
wbijasz
4%
WF
4%
wiekiem
4%
Współpracownik
4%
wtedy
4%
Zajdę
4%
Zaprosili
4%
Zawsze
4%
ziemią
4%
będziesz
0%
boyz
0%
crossfader
0%
czekam
0%
czyli
0%
dajcie
0%
dekady
0%
Deyny
0%
eter
0%
extra
0%
family
0%
gol
0%
hitu
0%
Imma
0%
jebnie
0%
jefe
0%
jesień
0%
later
0%
leciał
0%
make
0%
man
0%
Męczy
0%
młody
0%
Mordo
0%
mordo
0%
need
0%
noname'y
0%
nowy
0%
płacę
0%
Polfejder
0%
potem
0%
rzucam
0%
Skater
0%
skurwysyn
0%
słowo
0%
tell
0%
Tomb Raider
0%
Tony Hawk
0%
tree
0%
trójkąt
0%
upał
0%
wchodź
0%
whole
0%
widzę
0%
więc
0%
wierny
0%
wisiał
0%
wniosek
0%
wyciągnę
0%
zdanie
0%
ziomuś
0%
znowu
0%
Nie znaleziono quizów pasujących do podanych kryteriów
Rozkład punktacji
Procent ludzi z każdym wynikiem
Percentyl według liczby udzielonych odpowiedzi
Twoja historia wyników
Nie rozwiązałeś tego quizu